| Поле | Инд. | ПП | Название | Значение |
|---|---|---|---|---|
| Тип записи | a | |||
| Библиографический уровень | m | |||
| 001 | Контрольный номер | e1fe33b2ac7d4a06b36e76fbe9166320 | ||
| 005 | Дата корректировки | 20241202165244.4 | ||
| 020 | a | ISBN | 978-5-7995-1371-9 | |
| 080 | a | Индекс УДК | 504.05(075.8) | |
| 080 | a | Индекс УДК | 504.06(075.8) | |
| 080 | a | Индекс УДК | 502(075.8) | |
| 080 | a | Индекс УДК | 614.8(075.8) | |
| 090 | x | Авторский знак | Л 68 | |
| 097 | b | Оператор | *Вин* | |
| 100 | 10 | a | Автор | Лобачева Л.В. |
| 245 | 00 | a | Заглавие | Техногенные системы и экологический риск |
| b | Продолж. заглавия | учебное пособие | ||
| c | Ответственность | Тверской государственный технический университет | ||
| 260 | 00 | a | Место издания | Тверь |
| b | Издательство | ТвГТУ | ||
| c | Дата издания | 2024 | ||
| 300 | a | Объем | 123 с. | |
| 515 | a | Прим. об особенностях нумерации | № 5106 | |
| 516 | 8_ | a | Прим. о типе комп. файла/ данных | Текст : электронный |
| 520 | 0_ | a | Аннотация | Написано с учетом требований государственного образовательного стандарта по курсу «Техногенные системы и экологический риск» для технических вузов. Изложены общие представления о риске, рассмотрены виды рисков и критерии их приемлемости, даны представления о техногенных системах и создаваемых ими опасностях и угрозах для населения и экологических систем. Предназначено для студентов всех форм обучения по направлению 18.03.02 Энерго- и ресурсосберегающие процессы в химической технологии, нефтехимии и биотехнологии для подготовки к лекциям, практическим занятиям и самостоятельной работы в рамках дисциплины «Техногенные системы и экологический риск». Может быть полезно широкому кругу специалистов в области экологии, гидрометеорологии, рационального природопользования и охраны окружающей среды. |
| 535 | 1_ | a | Хранилище | Сервер |
| 653 | 0_ | a | Ключевые слова | Техногенные системы |
| a | Ключевые слова | Экологический риск | ||
| a | Ключевые слова | Техногенные экологические ситуации | ||
| a | Ключевые слова | Экологический аудит | ||
| 655 | a | Жанр/ форма (устаревшее) | М | |
| 900 | a | Имя макрообъекта | 001-000164100-000000000-0000-0000-01 | |
| 901 | t | Тип документа | m | |
| 905 | b | Дата создания записи обработка | 02.12.24 | |
| 922 | c | Кафедра | Горное дело, природообустройство и промышленная экология | |
| 952 | a | Тип литературы для КСУ ВШ | *М2* | |
| 952 | e | Факультет | *ФПИЭ* | |
| 990 | h | N записи в КСУ для Б/У (DOS) | 44/2024э | |
| 990 | f | Даты поступлений (DOS) | 29.11.24 | |
| g | Размещение заказа (DOS) | РИЦ | ||
| j | Количество экземпляров (DOS) | 72 | ||
| 990 | c | Приоритет заказа (DOS) | *о* |